000 00451nam a22001577a 4500
999 _c4639
_d4639
008 200817b ||||| |||| 00| 0 eng d
041 0 _ahin
082 0 0 _a553
_bM712
110 _91726
_aMinistry of information and Broad Casting, India.
245 1 0 _aSalt /
_cby Ministry of information and Broad Casting
260 _aDelhi :
_bMinistry of information and Broad Casting,
_c1958.
300 _a25 p.
365 _d0.35
650 0 _aSalt
942 _cBK